000 00457nam a22001811a 4500
020 _a9780582493841
082 _a338.094
_bTOM/I
100 _aTom Kemp
245 _aIndustrialization in nineteenth-century Europe/
_cby Tom Kemp
250 _a2nd
260 _aLondon:
_bLongman,
_c1999.
300 _a220p.
650 _aEconomics
650 _aIndustries Europe History
650 _aProduction Economics
650 _aSocial Sciences
942 _cBK
999 _c20069
_d20069